| 000 | 00397cam a2200157ua 4500 | ||
|---|---|---|---|
| 001 | 12027 | ||
| 008 | 200117n ii |||gr||||Z||||||asm | ||
| 040 | _cMAIN | ||
| 041 | _aasm | ||
| 082 | _a891.451 | ||
| 100 |
_aShankar Kaushik Baruah, _eAuthor. |
||
| 245 |
_aSaponor khuj _cBy Shankar Kaushik Baruah |
||
| 250 | _a1st ed. | ||
| 260 |
_aNew Delhi: _bSurya Madhab Foundation, _c2005. |
||
| 942 | _cBK | ||
| 999 |
_c10811 _d10811 |
||